Central Library OPAC University of Rajshahi

Johnson History of Rasselas, prince of Abyssinia / (Record no. 27767)

MARC details
000 -LEADER
fixed length control field 00986nam a22002893 4500
001 - CONTROL NUMBER
control field 27767
003 - CONTROL NUMBER IDENTIFIER
rucl marc code BD-RjUL
005 - DATE AND TIME OF LATEST TRANSACTION
control field 20211209051211.0
008 - FIXED-LENGTH DATA ELEMENTS--GENERAL INFORMATION
fixed length control field 140327s1889 enk 000 0
035 7# - SYSTEM CONTROL NUMBER
System control number (BD-RjUL)27846
040 ## - CATALOGING SOURCE
Original cataloging agency BD-RjUL
Language of cataloging eng
Transcribing agency BD-RjUL
041 ## - LANGUAGE CODE
Language code of text/sound track or separate title eng
082 ## - DEWEY DECIMAL CLASSIFICATION NUMBER
Classification number RA 923.163
Author mark and year JOJ 1898
100 1# - MAIN ENTRY--PERSONAL NAME
Personal name Johnson, Samuel
Dates associated with a name 1709-1784.
9 (RLIN) 85233
245 10 - TITLE STATEMENT
Title Johnson History of Rasselas, prince of Abyssinia /
Statement of responsibility, etc. ed. with intr. and notes by G.B. Hill.
260 ## - PUBLICATION, DISTRIBUTION, ETC. (IMPRINT)
Place of publication, distribution, etc. Oxf.
Date of publication, distribution, etc. 1898.
Name of publisher, distributor, etc. At the clarendon press ;
300 ## - PHYSICAL DESCRIPTION
Size 17 cm.
Pagination 203 p. :
Illustrations ill. ;
490 1# - SERIES STATEMENT
Series statement Clar. press ser.
610 27 - SUBJECT ADDED ENTRY--CORPORATE NAME
Corporate name or jurisdiction name as entry element Abyssinia
690 00 - LOCAL SUBJECT ADDED ENTRY--TOPICAL TERM (OCLC, RLIN)
Topical term or geographic name as entry element English literature
700 1# - ADDED ENTRY--PERSONAL NAME
Personal name Hill, George Birkbeck N.
Relator term ed.
752 ## - ADDED ENTRY--HIERARCHICAL PLACE NAME
Country or larger entity England
City Oxford
830 #0 - SERIES ADDED ENTRY--UNIFORM TITLE
Uniform title Clar. press ser.
856 41 - ELECTRONIC LOCATION AND ACCESS
Materials specified Bodleian Library 256 e.3057
Uniform Resource Identifier <a href="http://purl.ox.ac.uk/uuid/3082fd268d8f4b218f57c3499cda94b4">http://purl.ox.ac.uk/uuid/3082fd268d8f4b218f57c3499cda94b4</a>
942 ## - ADDED ENTRY ELEMENTS (KOHA)
Source of classification or shelving scheme Dewey Decimal Classification
Koha item type Rare Books
Holdings
Lost status Source of classification or shelving scheme Damaged status Not for loan Collection code Permanent Location Current Location Shelving location Date acquired Source of acquisition Total Checkouts Full call number Date last seen Copy number Koha item type Cost, normal purchase price
  Dewey Decimal Classification   Not For Loan Non-fiction Central Library, University of Rajshahi Central Library, University of Rajshahi Rare Book Section 06/05/1966 ASIATIC SOCIETY   RA 923.163 JOJ 1898 27/03/2014 C-1 Rare Books  
  Dewey Decimal Classification     Non-fiction Central Library, University of Rajshahi Central Library, University of Rajshahi   08/08/1955 O.U.P.   RA 923.163 JOJ 1898 08/02/2017 C-2 Rare Books 3.40